| Tag |
First Indicator |
Second Indicator |
Subfields |
| LEADER |
00000cam a2200000 a 4500 |
| 001 |
in00000009521 |
| 005 |
20151007051617.0 |
| 008 |
870611s1987 gw acf bc 00110 ger d |
| 020 |
|
|
|a 3110107031
|
| 035 |
|
|
|a (OCoLC)15915368
|
| 035 |
|
|
|9 AAA3889AM
|
| 040 |
|
|
|a TXA
|c TXA
|d CUS
|d TXA
|d UtOrBLW
|
| 049 |
|
|
|a TXAM
|c [A12568299]
|
| 050 |
|
4 |
|a NK5720
|b .M44 1987
|
| 100 |
1 |
|
|a Megow, Wolf-Rüdiger.
|
| 245 |
1 |
0 |
|a Kameen von Augustus Bis Alexander Severus /
|c von Wolf-Rüdiger Megow.
|
| 264 |
|
1 |
|a Berlin :
|b W. de Gruyter,
|c 1987.
|
| 300 |
|
|
|a xvi, 326 pages, 51 pages of plates :
|b illustrations, portraits ;
|c 30 cm.
|
| 336 |
|
|
|a text
|b txt
|2 rdacontent
|
| 337 |
|
|
|a unmediated
|b n
|2 rdamedia
|
| 338 |
|
|
|a volume
|b nc
|2 rdacarrier
|
| 490 |
1 |
|
|a Antike Münzen und geschnittene Steine ;
|v Bd. 11
|
| 500 |
|
|
|a At head of title: Deutsches Archäologisches Institut.
|
| 504 |
|
|
|a Includes bibliographical references and index.
|
| 650 |
|
0 |
|a Cameos
|z Rome
|x Catalogs.
|
| 650 |
|
0 |
|a Emperors
|z Rome
|v Portraits
|x Catalogs.
|
| 710 |
2 |
|
|a Deutsches Archäologisches Institut.
|
| 830 |
|
0 |
|a Antike Münzen und geschnittene Steine ;
|v Bd. 11.
|
| 999 |
|
|
|a MARS
|
| 999 |
f |
f |
|s bbc4fa3d-6775-3035-8244-1bf5c7ae90b4
|i 14052951-ae67-36db-9df0-1d3c6dc67cd0
|t 0
|
| 952 |
f |
f |
|p normal
|a Texas A&M University
|b College Station
|c Sterling C. Evans Library
|d Evans: Library Stacks
|t 0
|e NK5720 .M44 1987
|h Library of Congress classification
|i unmediated -- volume
|m A14812568299
|
| 998 |
f |
f |
|a NK5720 .M44 1987
|t 0
|l Evans: Library Stacks
|